Preliminary report of the Jemez excavation at Nanishagi, New Mexico /

Bibliographic Details
Main Author: Reiter, Paul, 1909-1953
Other Authors: Mulloy, William T. (William Thomas), 1917-1978, Blumenthal, E. H.
Format: Book
Language:English
Published: Millwood, N.Y. : Kraus Reprint, 1977.
Series:University of New Mexico bulletin. Anthropological series ; v. 3, no. 3.
Subjects:

MARC

Tag First Indicator Second Indicator Subfields
LEADER 00000cam a2200000 a 4500
001 in00000073784
005 20151008054712.0
008 781117r19771940nyuaf b 00010 eng d
035 |a (OCoLC)04380461 
035 |9 AAJ1433AM 
040 |a VWM  |c VWM  |d OCL  |d m.c.  |d TXA  |d UtOrBLW 
043 |a n-us-nm 
049 |a TXAM  |c [1654870] 
090 |a F798  |b .N392 v.3, no.3, 1977 
100 1 |a Reiter, Paul,  |d 1909-1953. 
245 1 0 |a Preliminary report of the Jemez excavation at Nanishagi, New Mexico /  |c Paul Reiter, William T. Mulloy and E.H. Blumenthal, jr. 
264 1 |a Millwood, N.Y. :  |b Kraus Reprint,  |c 1977. 
300 |a 39 pages, 4 unnumbered pages of plates :  |b illustrations ;  |c 24 cm. 
336 |a text  |b txt  |2 rdacontent 
337 |a unmediated  |b n  |2 rdamedia 
338 |a volume  |b nc  |2 rdacarrier 
500 |a Reprint. Originally published: Albuquerque : University of New Mexico Press, 1940 (University of New Mexico bulletin, Anthropological series ; volume 3, number 3, whole number 348). 
504 |a Bibliography: pages 38-39. 
650 0 |a Indians of North America  |z New Mexico  |x Antiquities. 
651 0 |a Jemez Plateau (N.M.) 
651 0 |a New Mexico  |x Antiquities. 
700 1 |a Mulloy, William T.  |q (William Thomas),  |d 1917-1978. 
700 1 |a Blumenthal, E. H. 
830 0 |a University of New Mexico bulletin.  |p Anthropological series ;  |v v. 3, no. 3. 
999 |a MARS 
999 f f |s 24a31fb7-1eaf-3629-a56c-290db95e5438  |i d654513a-54ea-3d88-9634-e5846d1a7f53  |t 0 
952 f f |p normal  |a Texas A&M University  |b College Station  |c Sterling C. Evans Library  |d Evans: Library Stacks  |t 0  |e F798 .N392 v.3, no.3, 1977  |h Library of Congress classification  |i unmediated -- volume  |m A14806110355 
998 f f |a F798 .N392 v.3, no.3, 1977  |t 0  |l Evans: Library Stacks